| 000 | 00925nam a22002537a 4500 | ||
|---|---|---|---|
| 999 |
_c69535 _d69535 |
||
| 005 | 20210719163422.0 | ||
| 010 | _aENG-105698 B-740623 | ||
| 020 |
_a9780198077305 _c445.00 |
||
| 020 |
_a0198077300 _c445.00 |
||
| 035 | _aEN-89231 | ||
| 035 | _aB-740623 | ||
| 037 | _bDBAD / PUB | ||
| 037 | _bGift | ||
| 082 | 1 | 4 | _a302.140954 |
| 100 | 1 | _aPandey, Gyanendra | |
| 245 | 1 |
_aThe construction of communalism in colonial North India / _cby Gyanendra Pandey |
|
| 250 | _a3rd ed. | ||
| 260 |
_aNew Delhi _bOxford University Press _c2012 |
||
| 270 |
_aYMCA Library Building, Jai Singh Road, _bNew Delhi _e110001 |
||
| 300 |
_axxxiii, 318p. _c22cm(pbk) |
||
| 500 | _aincludes bibliographical references and index | ||
| 942 |
_adpl _cEN _2ddc _h302.140954 _mPAN |
||